|
|
|
|
| LEADER |
00000cam a2200000 7i4500 |
| 001 |
0000000499 |
| 005 |
20000823.0 |
| 090 |
0 |
0 |
|a 691.1
|b CHU 1987
|
| 100 |
1 |
0 |
|a CHU
|h Yue Pun
|
| 245 |
1 |
0 |
|a Structural timber joints
|c Chu Yue Pun
|
| 260 |
0 |
0 |
|a Kuala Lumpur :
|b Forest Research Institute Malaysia ,
|c 1987
|
| 300 |
|
|
|a xi, 109 p. :
|b ill. ;
|c 22 cm.
|
| 440 |
0 |
0 |
|a Malayan forest records; n. 32
|
| 500 |
0 |
0 |
|a Bibliography: [p. 109]
|
| 650 |
0 |
0 |
|a Timber joints
|
| 710 |
1 |
1 |
|a Institut Penyelidikan Perhutanan Malaysia (FRIM)
|
| 999 |
|
|
|a 0000000119
|b Monograph
|c Open Shelf
|e Default branch
|
| 999 |
|
|
|a 0000000120
|b Monograph
|c Open Shelf
|e Default branch
|
| 999 |
|
|
|a 0000000121
|b Monograph
|c Open Shelf
|e Default branch
|
| 999 |
|
|
|a 0000000122
|b Monograph
|c Open Shelf
|e Default branch
|
| 999 |
|
|
|a 0000001475
|b Monograph
|c Open Shelf
|e Default branch
|
| 999 |
|
|
|a 0000002408
|b Monograph
|c Open Shelf
|e Default branch
|